Music Quiz

Random Music or Bands Quiz

Top 100 Bands (1980) Quiz Stats

 Plays Quiz Updated Nov 5, 2018

Score 0/100 Timer 10:00
3 Plays Today
Song Artist % Correct
Another Brick In The WallPink Floyd
92.1%
Pop MusikM
83%
Call MeBlondie
82%
Rock With YouMichael Jackson
81.1%
She's Out of My LifeMichael Jackson
81.1%
Off The WallMichael Jackson
81.1%
Crazy Little Thing Called LoveQueen
78.9%
It's Still Rock and Roll To MeBilly Joel
74.7%
You May Be RightBilly Joel
74.7%
Let's Get SeriousJermaine Jackson
63.6%
Little JeannieElton John
58.8%
The RoseBette Midler
58.7%
Heartache TonightEagles
58%
I Can't Tell You WhyEagles
58%
The Long RunEagles
58%
BabeStyx
52.8%
Brass In PocketThe Pretenders
52.7%
SaraFleetwood Mac
52.3%
TuskFleetwood Mac
52.3%
Don't Fall In Love With A DreamerKenny Rogers & Kim Carnes
52%
Coward of the CountyKenny Rogers
51.2%
You Decorated My LifeKenny Rogers
51.2%
Ride Like The WindChristopher Cross
51%
SailingChristopher Cross
51%
Lost In LoveAir Supply
50.3%
All Out of LoveAir Supply
50.3%
No More Tears (Enough Is Enough)Barbra Streisand & Donna Summer
49.6%
Against The WindBob Seger & The Silver Bullet Band
48.1%
Don't Do Me Like ThatTom Petty & The Heartbreakers
48.1%
Fire LakeBob Seger & The Silver Bullet Band
48.1%
RefugeeTom Petty & The Heartbreakers
48.1%
Upside DownDiana Ross
47.7%
Emotional RescueRolling Stones
47.2%
On The RadioDonna Summer
46.6%
Song Artist % Correct
Dim All The LightsDonna Summer
46.6%
FunkytownLipps Inc.
43.4%
Ladies NightKool and the Gang
42.3%
Too HotKool and the Gang
42.3%
FameIrene Cara
40.2%
StillCommodores
39.1%
CarsGary Numan
38.5%
HeartbreakerPat Benatar
38.1%
Take The Long Way HomeSupertramp
36.5%
Coming UpPaul McCartney
35.9%
September MornNeil Diamond
35.4%
Do That To Me One More TimeCaptain and Tennille
34.3%
Escape (The Pina Colada Song)Rupert Holmes
32.8%
HimRupert Holmes
32.8%
MisunderstandingGenesis
32.3%
MagicOlivia Newton-John
31.7%
This Is ItKenny Loggins
26.6%
Wait For MeHall & Oates
26.5%
Let My Love Open The DoorPete Townshend
26.4%
Yes, I'm ReadyTeri DeSario & KC
26.3%
Please Don't GoKC and the Sunshine Band
26.3%
Drivin' My Life AwayEddie Rabbitt
25.7%
One Fine DayCarole King
25.7%
Cruisin'Smokey Robinson
24%
I Wanna Be Your LoverPrince
23.3%
Working My Way Back To You Girl/Forgive Me GirlThe Spinners
22.9%
Cupid/I've Loved You For A Long TimeThe Spinners
22.9%
Send One Your LoveStevie Wonder
21.5%
Cool ChangeLittle River Band
20.6%
Deja VuDionne Warwick
19.9%
LongerDan Fogelberg
19.7%
How Do I Make YouLinda Ronstadt
19.2%
Hurt So BadLinda Ronstadt
19.2%
We Don't Talk AnymoreCliff Richard
18.3%
Song Artist % Correct
Daydream BelieverAnne Murray
17.8%
Broken Hearted MeAnne Murray
17.8%
Sexy EyesDr. Hook
17.4%
Better Love Next TimeDr. Hook
17.4%
ShipsBarry Manilow
17%
Special LadyRay, Goodman, and Brown
16.5%
More LoveKim Carnes
15.6%
RiseHerb Alpert
15.2%
Give Me The NightGeorge Benson
14%
StompBrothers Johnson
14%
Biggest Part of MeAmbrosia
13.5%
Steal AwayRobbie Dupree
12.7%
Jo JoBoz Scaggs
12.7%
Breakdown Dead AheadBoz Scaggs
12.7%
DesireAndy Gibb
10.2%
With You I'm Born AgainBilly Preston & Syreeta
10%
Shining StarThe Manhattans
9.3%
Into The NightBenny Mardones
9.1%
In AmericaCharlie Daniels Band
8.9%
All Night LongJoe Walsh
8.7%
I Pledge My LovePeaches & Herb
8%
The Second Time AroundShalamar
7.8%
Tired of Toein' The LineRocky Burnette
7.5%
You're Only LonelyJ.D. Souther
7.4%
Let Me Love You TonightPure Prairie League
7.4%
Take Your Time (Do It Right)The S.O.S. Band
7.3%
Romeo's TuneSteve Forbert
7.2%
Should've Never Let You GoNeil Sedaka & Dara Sedaka
6.4%
Stand By MeMickey Gilley
5.5%
An American DreamThe Dirt Band
5.4%
Pilot of the AirwavesCharlie Dore
4.9%
Don't Let GoIsaac Hayes
3.8%

You're not logged in!

Compare scores with friends on all Sporcle quizzes.
OR
Log In

You Might Also Like...

Show Comments

Extras

Top Quizzes Today


Score Distribution

Your Account Isn't Verified!

In order to create a playlist on Sporcle, you need to verify the email address you used during registration. Go to your Sporcle Settings to finish the process.

Report this User

Report this user for behavior that violates our Community Guidelines.

Details: